000 01424aam a2200325 i 4500
001 768714001
003 CO-MdFUSB
005 20210909162659.0
007 ta
008 210909t19931980-us |||| |||| 00| 0 spa d
020 _a082971282
_q8
040 _bspa.
_aCO-MdFUSB
_cCO-MdFUSB
_dCO-MdFUSBC
_erda
041 _aspa
_hpor
082 0 4 _a289
_223
_bC1171r
100 1 _aCabral, J.
_eautor
240 _aReligioes, seitas e heresias
245 1 0 _aReligiones, sectas y herejías
_c/ J. Cabral ; traducido por Antonio Marosi
264 1 _aEstados Unidos :
_bVida,
_c[1993]
264 4 _c© 1993
300 _a176 Páginas
_c; 22 cm
336 _atexto
_btxt
_2rdacontent
337 _2rdamedia
_asin mediación
_bn
338 _2rdacarrier
_avolumen
_bnc
505 _aA modo de diálogo. --La religión de Egipto y de Babilonia. -- La astrología. -- El hinduismo. -- El budismo. -- El catolicismo romano. -- El sintoísmo. -- El taoísmo. -- El islamismo. -- Los rosacruces. -- La masonería. -- El espiritismo. -- El vudú. -- El bahaísmo. -- El mormonismo. -- Los adventistas del séptimo día (el sabatismo). -- Los testigos de Jehová (el ruseelismo). -- El teosofismo. -- El Hare Krishna. -- Los "niños de Dios" -- La iglesia de la Unificación (los "moonies")
563 _aRústico
650 7 _9386
_aReligiones
700 _95602
_aMarosi, Antonio
_etraductor
942 _cBK
945 _aJTF-925
999 _c39161
_d39161